Sports Quiz

Random Sports or Soccer Quiz

Football League Division Four Promoted Quiz Stats

 Plays Quiz not verified by Sporcle

Challenge
Share
Tweet
Embed
Score 0/76 Timer 10:00
0 Plays Today
Season Club % Correct
1974-1975Chester City
88.7%
1963-1964Exeter City
87.7%
1969-1970Swansea Town
87.7%
1976-1977Exeter City
87.7%
1963-1964Gillingham
87.1%
1964-1965Oxford United
87.1%
1973-1974Gillingham
87.1%
1973-1974Bury
86.1%
1958-1959Port Vale
85.8%
1969-1970Port Vale
85.8%
1959-1960Notts County
85.1%
1961-1962Carlisle United
85.1%
1963-1964Carlisle United
85.1%
1965-1966Darlington
85.1%
1970-1971Notts County
85.1%
1971-1972Grimsby Town
85.1%
1959-1960Torquay United
84.8%
1961-1962Wrexham
84.8%
1965-1966Torquay United
84.8%
1968-1969Rochdale
84.8%
1969-1970Chesterfield
84.8%
1969-1970Wrexham
84.8%
1959-1960Walsall
84.5%
1960-1961Bradford Park Avenue
84.5%
1965-1966Doncaster Rovers
84.5%
1967-1968Hartlepool United
84.5%
1968-1969Doncaster Rovers
84.5%
1960-1961Northampton
84.1%
1975-1976Northampton
84.1%
1972-1973Cambridge United
83.8%
1975-1976Lincoln City
83.8%
1976-1977Cambridge United
83.8%
1966-1967Tranmere Rovers
82.8%
1975-1976Tranmere Rovers
82.8%
1967-1968Luton Town
82.5%
1960-1961Peterborough United
82.2%
1973-1974Peterborough United
82.2%
1974-1975Rotherham United
82.2%
Season Club % Correct
1975-1976Reading
82.2%
1962-1963Oldham Athletic
81.9%
1964-1965Brighton and Hove Albion
81.9%
1966-1967Stockport County
81.9%
1970-1971Oldham Athletic
81.9%
1971-1972Southend United
81.9%
1972-1973Hereford United
81.9%
1958-1959York City
81.2%
1961-1962Colchester United
81.2%
1964-1965York City
81.2%
1965-1966Colchester United
81.2%
1970-1971York City
81.2%
1973-1974Colchester United
81.2%
1976-1977Colchester United
81.2%
1962-1963Mansfield Town
80.6%
1974-1975Mansfield Town
80.6%
1962-1963Brentford
79.6%
1971-1972Brentford
79.6%
1959-1960Watford
78.6%
1970-1971Bournemouth and Boscombe
78.6%
1971-1972Scunthorpe United
78%
1958-1959Shrewsbury Town
77.3%
1974-1975Shrewsbury Town
77.3%
1961-1962Millwall
77%
1964-1965Millwall
77%
1958-1959Coventry City
75.7%
1972-1973Aldershot
75.7%
1967-1968Barnsley
75.4%
1962-1963Crewe Alexandra
75.1%
1967-1968Crewe Alexandra
75.1%
1960-1961Crystal Palace
72.8%
1966-1967Southport
68.3%
1972-1973Southport
68.3%
1968-1969Halifax Town
66.7%
1966-1967Barrow
66%
1963-1964Workington
64.4%
1968-1969Bradford City
52.1%
1976-1977Bradford City
52.1%

You're not logged in!

Compare scores with friends on all Sporcle quizzes.
OR
Log In

You Might Also Like...

Show Comments

Extras

Top Quizzes Today


Score Distribution

Your Account Isn't Verified!

In order to create a playlist on Sporcle, you need to verify the email address you used during registration. Go to your Sporcle Settings to finish the process.

Report this User

Report this user for behavior that violates our Community Guidelines.

Details: